000 01311nam0a2200361 4500
001 RU\NLR\BIBL_A\012417637
005 20201218123519.0
010 _a978-5-04-114149-3
_93000
021 _aRU
_bКН-П-20-048932
_9КН-П-20-3703
035 _a(NLR Aleph) 012417637
035 _a(RuMoRGB)010403234
090 _a11808301
_c11808301
100 _a20201208d2020 u y0rusy50 ca
101 1 _arus
_cdan
102 _aRU
105 _ay|||z|||000ay
181 0 _ai
_baxxe
182 0 _an
200 1 _aКаштановый человечек
_e[роман]
_fСорен Свейструп
_g[перевод с датского А. Н. Чеканского]
203 _aТекст
_bвизуальный
_cнепосредственный
210 _aМосква
_cЭксмо
_d2020
215 _a541, [1] с.
_d21
225 1 _aДачное Счастье
316 _aЗакладка-рецепт, указ. на 4-й с. обл., отсутствует
_5NLR
333 _a18+
686 1 _aШ6(4Д)67-446{Лх1449-45}
700 1 _7ca
_8rus
_aСвейструп
_bС.
_f1968-
_gСорен
_9212180
_3RU\NLR\AUTH\770212236
942 _cBOOK
980 _aNBR
980 _aNB